| 000 | 00575nam a2200169 a 4500 | ||
|---|---|---|---|
| 008 | 120416s1995 ||||||||||||||||| || u | ||
| 020 | _a0333620224 | ||
| 050 | _aTA 333 Str | ||
| 100 | _aStroud, K. A | ||
| 245 | 1 | 0 | _aEngineering mathematics: programmes and problems. -- 4th ed. |
| 250 | _a4th ed. | ||
| 260 |
_aLondon: _bMacmillan _c1995 |
||
| 350 | _a0.00 | ||
| 650 | 0 | _aENGINEERING MATHEMATICS | |
| 650 | _aENGINEERING | ||
| 995 |
_D0.00 _FCBU-MAIN LIBRARY (Kitwe) _H1 _I0.00 _M1 _UAVAILABLE _WMay 19, 2011 _ZShort Loan Collection |
||
| 999 |
_c41963 _d41963 |
||